000 00270nam a2200121 i 4500
001 bg
245 0 _aNauka o polityce /
_cpod red. A. Bodnora.
260 _aWarszawa,
_c1988.
040 _cBPK
041 _apol
942 _cKS
008 s pl f |000 0 pol
999 _c3822
_d3822
856 _uhttp://koha.tu.koszalin.pl/cgi-bin/koha/opac-detail.pl?biblionumber=3822
_yKatalog online BPK